Can you name these random NFL tight ends (extremely hard edition) - Statistics

General Stats
  • This quiz has been taken 5 times
  • The average score is 19 of 412
Answer Stats
Picture Answer % Correct
Alex Smith
60%
Adrien Robinson
40%
Blake Bell
40%
Caleb Wilson
40%
Connor Davis
40%
Daniel Graham
40%
David Johnson
40%
Domonique Jones
40%
Eric Johnson
40%
Fred Davis
40%
Freddie Jones
40%
Garrett Graham
40%
Gijon Robinson
40%
Jaeden Graham
40%
Jaheim Bell
40%
Joel Wilson
40%
Kris Wilson
40%
Princeton Fant
40%
Ricky Seals-Jones
40%
Scotty Washington
40%
Shawn Nelson
40%
Tre Watson
40%
Tyler Davis
40%
Tyrone Davis
40%
Alex Gray
20%
Armani Rodgers
20%
Ben Braunecker
20%
Brad Smelley
20%
Brandon Williams
20%
Brevyn Spann-Ford
20%
Brian Parker
20%
Cethan Carter
20%
Chase Ford
20%
Daniel Brown
20%
David Thomas
20%
Davis Allen
20%
Demetrius Harris
20%
Desmond Clark
20%
D.J. Williams
20%
Donald Lee
20%
Eric Green
20%
Erick All
20%
Evan Moore
20%
Gabe Holmes
20%
Garrett Celek
20%
Harrison Bryant
20%
Jim Dray
20%
John Carlson
20%
Jordan Thomas
20%
Josh Hill
20%
Julian Hill
20%
Khari Lee
20%
Kyle Brady
20%
Kyle Carter
20%
Ladarius Green
20%
Marcus Pollard
20%
MarQuies Gray
20%
Matt Spaeth
20%
Maxx Williams
20%
Michael Gaines
20%
Michael Williams
20%
MyCole Pruitt
20%
Nick Bowers
20%
Nikola Kalinic
20%
Niles Paul
20%
Quintin Morris
20%
Rob Housler
20%
Ryan Taylor
20%
Stephen Carlson
20%
Tyree Jackson
20%
Virgil Green
20%
Zach Davidson
20%
A.J. Derby
0%
Alex Ellis
0%
Alize Mack
0%
Allen Reisner
0%
Andrew Quarless
0%
Andrew Szczerba
0%
Andrew Vollert
0%
Anthony Auclair
0%
Anthony Denham
0%
Anthony Firkser
0%
Anthony McCoy
0%
Arthur Lynch
0%
Asante Cleveland
0%
Austin Seferian-Jenkins
0%
Austin Traylor
0%
Bear Pascoe
0%
Beau Sandland
0%
Ben Coates
0%
Ben Ellefson
0%
Ben Hartsock
0%
Ben Koyack
0%
Ben Patrick
0%
Ben Sims
0%
Ben Yurosek
0%
Billy Bajema
0%
Blake Annen
0%
Blake Jarwin
0%
Blake Whiteheart
0%
Bo Scaife
0%
Brad Cottam
0%
Brandon Barden
0%
Brandon Bostick
0%
Brandon Dillon
0%
Brandon Manumaleuna
0%
Brayden Willis
0%
Brendan Bates
0%
Brett Brackett
0%
Brevin Jordan
0%
Brian Leonhardt
0%
Brody Eldridge
0%
Brycen Hopkins
0%
Bucky Hodges
0%
Byron Chamberlain
0%
Caleb Lohner
0%
Cam Cleeland
0%
Cameron Latu
0%
Cameron Morrah
0%
Cam Grandy
0%
Carter Runyon
0%
Charlie Woerner
0%
Chase Coffman
0%
Chris Baker
0%
Chris Gragg
0%
Chris Pantale
0%
Christian Fauria
0%
C.J. Dippre
0%
Clay Harbor
0%
Clive Walford
0%
Cody McElroy
0%
Cole Fotheringham
0%
Cole Hikutini
0%
Cole Turner
0%
Cole Wick
0%
Colin Cloherty
0%
Colin Thompson
0%
Colston Yankoff
0%
Connor Hamlett
0%
Cooper Helfet
0%
Cory Harkey
0%
Craig Stevens
0%
Crockett Gilmore
0%
Dallin Holker
0%
Dalton Keene
0%
Dan Arnold
0%
Dan Gronkowski
0%
Daniel Helm
0%
Danny Noble
0%
Dante Rosario
0%
Darrell Daniels
0%
David Ausberry
0%
David Grinnage
0%
David Martin
0%
David Morgan
0%
David Sloan
0%
David Wells
0%
Davon Drew
0%
D.C. Jefferson
0%
DeAndre Goolsby
0%
Deon Yelder
0%
Derek Carrier
0%
Derek Fine
0%
Derek Schouman
0%
Devin Asiasi
0%
Devin Culp
0%
Devon Cajuste
0%
Dion Sims
0%
D.J. Tialavea
0%
Domonique Byrd
0%
Domonique Dafney
0%
Donnie Ernsberger
0%
Dorin Dickerson
0%
Doug Jolley
0%
E.J. Bibbs
0%
E.J. Jenkins
0%
Elijah Higgins
0%
Eli Wolf
0%
Emmanuel Byrd
0%
Emmanuel Ogbuehi
0%
Eric Tomlinson
0%
Erik Swoope
0%
Ernie Conwell
0%
Ethan Wolf
0%
Evan Baylis
0%
Evan Rodriguez
0%
Fendi Onobun
0%
Fred Baxter
0%
Garrett Dickerson
0%
Garrett Griffin
0%
Garrett Mills
0%
Gavin Escobar
0%
Geoff Swaim
0%
George Wrightster
0%
Gerald Christian
0%
Giovanni Ricci
0%
Greg Scales
0%
Hale Hentges
0%
Hayden Rucci
0%
Henry Krieger-Coble
0%
Hoby Brenner
0%
Hunter Long
0%
Ian Bunting
0%
Ifeanyi Momah
0%
Isaac Nauta
0%
Isaac Nauta
0%
Isaiah Searight
0%
Jace Amaro
0%
Jace Sternberger
0%
Jackson Hawes
0%
Jack Stoll
0%
Jacob Hollister
0%
Jake Ballard
0%
Jake Byrne
0%
Jake O'Connell
0%
Jake Stoneburner
0%
James Casey
0%
James Hanna
0%
James Mitchell
0%
James O’Shaughnessy
0%
Jared Pinkney
0%
Jared Wiley
0%
Jason Croom
0%
Jason Vander Laan
0%
Jay Novacek
0%
Jay Riemersma
0%
Jeb Putzier
0%
Jed Weaver
0%
Jeff Cumberland
0%
Jeff Dugan
0%
Jeff Heuerman
0%
Jeff King
0%
Jerell Adams
0%
Jermaine Wiggins
0%
Jerome Cunningham
0%
Je'Ron Hamm
0%
Jeron Mastrud
0%
Jerramy Stevens
0%
Jesper Horsted
0%
Jim Kleinsasser
0%
Jody Fortson
0%
Joe Klopfenstein
0%
Joe Kowalewski
0%
Joey Haynos
0%
John Allred
0%
John Bates
0%
John FitzPatrick
0%
John Gilmore
0%
John Nalbone
0%
Johnny Lumpkin
0%
Johnny Mitchell
0%
John Phillips
0%
John Stephens Jr.
0%
Jonathan Stupar
0%
Jordan Franks
0%
Jordan Leggett
0%
Joseph Fauria
0%
Josh Baker
0%
Joshua Perkins
0%
Josh Whyle
0%
Josiah Deguara
0%
J.P. Foschi
0%
J.P. Holtz
0%
Justice Cunningham
0%
Justin Peele
0%
Kahale Werring
0%
Keith McKeller
0%
Keith Towbridge
0%
Keleki Latu
0%
Kendall Blanton
0%
Ken Dilger
0%
Kennard Backman
0%
Kenny Yeboah
0%
Kevin Boss
0%
Kevin Brock
0%
Kevin Rader
0%
Ko Kieft
0%
Konrad Reuland
0%
Kory Sperry
0%
Kris Mangum
0%
Kyle Adams
0%
Lance Kendricks
0%
Larry Donnell
0%
Leonard Pope
0%
Levine Toilolo
0%
L.J.Smith
0%
Lucas Krull
0%
Luke Farrell
0%
Manasseh Garner
0%
Marcel Jensen
0%
Marco Battaglia
0%
Marcus Baugh
0%
Marcus Lucas
0%
Mark Bruener
0%
Martin Rucker
0%
Mason Schreck
0%
Matt Flanagan
0%
Matthew Mulligan
0%
Matt LaCosse
0%
Matt Lengel
0%
Matt Sokol
0%
Michael Egnew
0%
Michael Palmer
0%
Michael Roberts
0%
Mickey Shuler Jr.
0%
Mike McNeill
0%
Miller Forristall
0%
Mitchell Wilcox
0%
Moliki Matavao
0%
Mychal Rivera
0%
Nate Adkins
0%
Nate Becker
0%
Nate Byham
0%
Neal Sterling
0%
Nic Jacobs
0%
Nick Boyle
0%
Nick Eubanks
0%
Nick Kasa
0%
Nick Keizer
0%
Nick Muse
0%
Nick O'Leary
0%
O.J. Santiago
0%
Orson Charles
0%
Parker Hesse
0%
Patrick Herbert
0%
Payne Durham
0%
Pete Metzelaars
0%
Pete Mitchell
0%
Peyton Hendershot
0%
Pharoah McKever
0%
Philip Supernaw
0%
Randall Telfer
0%
Randy McMichael
0%
Reggie Kelly
0%
Richard Angulo
0%
Richard Gordon
0%
Richard Owens
0%
Richard Quinn
0%
Rico Gathers
0%
Rob Blanchflower
0%
Robert Royal
0%
Romello Brooker
0%
Ross Dwelley
0%
Ross Travis
0%
Ryan Griffin
0%
Ryan Hewitt
0%
Ryan Izzo
0%
Ryan Malleck
0%
Ryan O'Malley
0%
Sal Cannella
0%
Sammis Reyes
0%
Scott Chandler
0%
Scott Orndorff
0%
Scott Simonson
0%
Sean Culkin
0%
Sean McGrath
0%
Sean McKeon
0%
Sean Ryan
0%
Seth DeValve
0%
Shane Zylstra
0%
Shaun Beyer
0%
Stephen Anderson
0%
Stephen Spach
0%
Stephen Sullivan
0%
Steve Maneri
0%
Stone Smartt
0%
Tanner Hudson
0%
Tanner McLachlan
0%
Taylor McNamara
0%
Taylor Thompson
0%
Teagan Quitoriano
0%
Temarrick Hemingway
0%
Thaddeus Moss
0%
Thomas Duarte
0%
Thomas Fidone
0%
Thomas Odukoya
0%
Thomas Yassmin
0%
Tim Wright
0%
Todd Christiansen
0%
Todd Yoder
0%
Tom Crabtree
0%
Tommy Hudson
0%
Tommy Sweeney
0%
Tony McGee
0%
Tony Moeaki
0%
Tony Poljan
0%
Tony Scheffler
0%
Tony Stewart
0%
Tory Humphrey
0%
Travis Beckum
0%
Travis Vokolek
0%
Tre McKitty
0%
Trevon Wesco
0%
Troy Drayton
0%
Troy Fumagalli
0%
Troy Niklas
0%
Tucker Fisk
0%
Tyrone Swoopes
0%
Vance McDonald
0%
Walter Reeves
0%
Wesley Saunders
0%
Wesley Walls
0%
Wes Saxton
0%
Will Heller
0%
Will Mallory
0%
Will Tye
0%
Xavier Grimble
0%
Zach Gentry
0%
Zach Potter
0%
Zach Sudfeld
0%
Zack Kuntz
0%
Zaire Mitchell-Paden
0%
No matching quizzes found
Score Distribution
Percent of People with Each Score
Percentile by Number Answered
Your Score History
You have not taken this quiz